[Event "Miedzyzdroje OB Seniors 24th"]
[Site "Miedzyzdroje"]
[Date "2016.06.24"]
[Round "8"]
[White "Nickel, Arno"]
[Black "Komysheva, Margarita"]
[Result "1-0"]
[WhiteElo "2092"]
[BlackElo "2017"]
[PlyCount "111"]
[EventDate "2016.06.17"]
[EventType "swiss"]
[EventRounds "9"]
[EventCountry "POL"]
[SourceTitle "EXT 2019"]
[Source "ChessBase"]
[SourceDate "2018.10.10"]
[SourceVersion "1"]
[SourceVersionDate "2018.10.10"]
[SourceQuality "1"]

1. d4 c5 2. d5 e5 3. e4 d6 4. Bd3 g6 5. f4 Bg7 6. fxe5 Bxe5 7. Nf3 Bg7 8. c4 Ne7 9. 0-0 0-0 10. Nc3 a6 11. Bf4 Bg4 12. Qd2 Qc7 13. Rae1 Nd7 14. Bh6 f6 15. Bf4 Ne5 16. Be2 Bxf3 17. gxf3 Nf7 18. Kh1 Rae8 19. Rf2 Kh8 20. Bf1 Qd7 21. h4 Ng8 22. Kh2 Qe7 23. Bh3 f5 24. Bg3 Bh6 25. f4 Ne5 26. Qe2 Nd7 27. exf5 Qxe2 28. Rfxe2 Rxe2+ 29. Rxe2 gxf5 30. Re6 Nb6 31. b3 Bg7 32. Ne2 Nc8 33. Be1 Nh6 34. Bc3 Bxc3 35. Nxc3 Kg7 36. Kg3 Rf7 37. a4 Re7 38. Rxe7+ Nxe7 39. a5 Kf6 40. Nd1 Nf7 41. Ne3 h5 42. Bg2 Nh6 43. Bf3 Ng4 44. Nc2 Nc8 45. b4 b6 46. bxc5 bxc5 47. Bd1 Ke7 48. Kf3 Kd7 49. Ne3 Ne7 50. Ba4+ Kc7 51. Nf1 Ng6 52. Be8 Nxh4+ 53. Kg3 Nf6 54. Bf7 Ng2 55. Kxg2 h4 56. Kh3 1-0

[Event "Miedzyzdroje OB Seniors 24th"]
[Site "Miedzyzdroje"]
[Date "2016.06.23"]
[Round "7"]
[White "Komysheva, Margarita"]
[Black "Petrykowski, Reinhardt"]
[Result "1-0"]
[WhiteElo "2017"]
[BlackElo "1864"]
[PlyCount "40"]
[EventDate "2016.06.17"]
[EventType "swiss"]
[EventRounds "9"]
[EventCountry "POL"]
[SourceTitle "EXT 2019"]
[Source "ChessBase"]
[SourceDate "2018.10.10"]
[SourceVersion "1"]
[SourceVersionDate "2018.10.10"]
[SourceQuality "1"]

1. e4 c6 2. d4 d5 3. e5 Bf5 4. Bd3 Bxd3 5. Qxd3 e6 6. Ne2 c5 7. c3 Nc6 8. 0-0 cxd4 9. cxd4 Nge7 10. a3 Nf5 11. b4 a6 12. Nd2 Be7 13. Nb3 0-0 14. Nd2 g6 15. Rd1 Qb6 16. Nb3 Rac8 17. Nc5 Rc7 18. Rb1 Qa7 19. Nc3 Nd8 20. Nb3 b6 1-0

[Event "Miedzyzdroje OB Seniors 24th"]
[Site "Miedzyzdroje"]
[Date "2016.06.20"]
[Round "4"]
[White "Piankov, Evgenij"]
[Black "Komysheva, Margarita"]
[Result "1-0"]
[WhiteElo "2271"]
[BlackElo "2017"]
[PlyCount "51"]
[EventDate "2016.06.17"]
[EventType "swiss"]
[EventRounds "9"]
[EventCountry "POL"]
[SourceTitle "EXT 2019"]
[Source "ChessBase"]
[SourceDate "2018.10.10"]
[SourceVersion "1"]
[SourceVersionDate "2018.10.10"]
[SourceQuality "1"]

1. d4 e6 2. e3 c5 3. Bd3 Nf6 4. c3 d5 5. f4 b6 6. Qe2 Be7 7. Nf3 0-0 8. 0-0 Ne4 9. b3 Nd7 10. Bb2 Bb7 11. Nbd2 f5 12. Rac1 Rc8 13. Rfd1 Ndf6 14. c4 Ba6 15. Ne5 Nxd2 16. Rxd2 Ne4 17. Bxe4 fxe4 18. a3 Bd6 19. dxc5 Bxe5 20. Bxe5 Rxc5 21. Qg4 Qd7 22. Rcd1 Rd8 23. Bf6 Rf8 24. Bd4 Ra5 25. Bc3 Rxa3 26. Be5 1-0

[Event "Miedzyzdroje OB Seniors 24th"]
[Site "Miedzyzdroje"]
[Date "2016.06.19"]
[Round "3"]
[White "Komysheva, Margarita"]
[Black "Baumbach, Friedrich"]
[Result "1/2-1/2"]
[WhiteElo "2017"]
[BlackElo "2193"]
[PlyCount "53"]
[EventDate "2016.06.17"]
[EventType "swiss"]
[EventRounds "9"]
[EventCountry "POL"]
[SourceTitle "EXT 2019"]
[Source "ChessBase"]
[SourceDate "2018.10.10"]
[SourceVersion "1"]
[SourceVersionDate "2018.10.10"]
[SourceQuality "1"]

1. e4 c5 2. Nf3 Nc6 3. d4 cxd4 4. Nxd4 g6 5. c4 Nf6 6. Nc3 d6 7. Nc2 Bg7 8. Be2 0-0 9. 0-0 Nd7 10. Be3 Nc5 11. Qd2 Be6 12. f3 a5 13. b3 a4 14. Rab1 axb3 15. axb3 Nd7 16. Ra1 Nc5 17. Rxa8 Qxa8 18. Rb1 Nd7 19. Ra1 Qb8 20. Ra3 f5 21. Nd4 Nxd4 22. Bxd4 Qc7 23. Nd5 Bxd5 24. exd5 Bxd4+ 25. Qxd4 Qc5 26. Qxc5 dxc5 27. Kf2 1/2-1/2

[Event "Olomouc Seniors op"]
[Site "Olomouc"]
[Date "2013.08.05"]
[Round "6"]
[White "Vorobyov, Yurij"]
[Black "Komysheva, Margarita"]
[Result "1-0"]
[WhiteElo "2238"]
[BlackElo "2050"]
[PlyCount "67"]
[EventDate "2013.07.31"]
[EventType "swiss"]
[EventRounds "9"]
[EventCountry "CZE"]
[SourceTitle "EXT 2014"]
[Source "ChessBase"]
[SourceDate "2013.11.20"]
[SourceVersion "1"]
[SourceVersionDate "2013.11.20"]
[SourceQuality "1"]

1. Nf3 Nf6 2. c4 d6 3. d4 g6 4. b3 Bg7 5. Bb2 0-0 6. g3 Bf5 7. Bg2 Nc6 8. 0-0 Re8 9. d5 Nb4 10. Nd4 Bd7 11. a3 Na6 12. Nc3 Qc8 13. Re1 c5 14. Nc2 Nc7 15. a4 b6 16. e4 Rb8 17. f4 Rf8 18. e5 Nfe8 19. Ne4 a6 20. Ne3 h6 21. h4 b5 22. Bc3 b4 23. Bb2 Rb6 24. Ra2 Bf5 25. Nf2 g5 26. a5 Rb7 27. hxg5 hxg5 28. Qh5 Bh7 29. Bh3 Qd8 30. Qxg5 f6 31. exf6 exf6 32. Qh5 Qe7 33. Bf5 Bh8 34. Nfg4 1-0

[Event "Wch Seniors (Women) 20th"]
[Site "Arco"]
[Date "2010.11.05"]
[Round "8"]
[White "Chireykina, Natalia"]
[Black "Komysheva, Margarita"]
[Result "0-1"]
[WhiteElo "1799"]
[BlackElo "2084"]
[PlyCount "162"]
[EventDate "2010.10.26"]
[EventType "swiss"]
[EventRounds "9"]
[EventCountry "ITA"]
[SourceTitle "EXT 2011"]
[Source "ChessBase"]
[SourceDate "2010.11.26"]
[SourceVersion "1"]
[SourceVersionDate "2010.11.26"]
[SourceQuality "1"]

1. e4 c5 2. Nf3 Nc6 3. d4 cxd4 4. Nxd4 e5 5. Nb5 d6 6. N1c3 a6 7. Na3 b5 8. Nd5 Nge7 9. Bg5 h6 10. Be3 Nxd5 11. Qxd5 Bd7 12. c3 Be7 13. Be2 0-0 14. 0-0 Qc7 15. Rfd1 Be6 16. Qd2 Kh7 17. Nc2 Rfd8 18. Qe1 d5 19. f3 Na5 20. Qf2 Nc4 21. Bxc4 Qxc4 22. exd5 Rxd5 23. Rxd5 Qxd5 24. Nb4 Qd7 25. Qc2+ Bf5 26. Rd1 Qe6 27. Qe2 Bxb4 28. cxb4 Qxa2 29. Bc5 f6 30. g4 Bg6 31. h4 Qc4 32. Qd2 h5 33. gxh5 Bxh5 34. Qf2 e4 35. Rd7 Qc1+ 36. Kh2 Qf4+ 37. Kg1 Bxf3 38. Rd4 Qg4+ 39. Kf1 Qh3+ 40. Ke1 Qh1+ 41. Kd2 Qg2 42. Qxg2 Bxg2 43. Rd6 Kg6 44. Ke3 Kf5 45. Rd7 Kg6 46. Kf4 Bf3 47. Bd4 Rh8 48. Kg3 Rc8 49. Bc3 Rc6 50. Kf4 Re6 51. Ke3 Kh6 52. Bd4 Kg6 53. Bc5 Re8 54. Kf4 Rh8 55. Bf2 Rh5 56. Rd6 Rf5+ 57. Ke3 Kh5 58. Rxa6 Rd5 59. Ra7 g5 60. hxg5 fxg5 61. Be1 Rd3+ 62. Kf2 Bd1 63. Re7 Rf3+ 64. Kg2 Rf4 65. Kg3 Rf3+ 66. Kg2 Bc2 67. Re5 Kg4 68. Rxb5 Bd3 69. Re5 Re3 70. Bc3 Re2+ 71. Kg1 Kf4 72. b5 g4 73. Re8 Bxb5 74. Rf8+ Ke3 75. Rg8 Bd7 76. Rd8 Bf5 77. Rd5 Kf4 78. b4 e3 79. b5 Rc2 80. Bg7 Be4 81. Rd7 Rc4 0-1

[Event "Wch Seniors (Women) 19th"]
[Site "Condino"]
[Date "2009.11.03"]
[Round "6"]
[White "Milashevskaja, Valentina"]
[Black "Komysheva, Margarita"]
[Result "0-1"]
[WhiteElo "1835"]
[BlackElo "2097"]
[PlyCount "93"]
[EventDate "2009.10.27"]
[EventType "swiss"]
[EventRounds "9"]
[EventCountry "ITA"]
[SourceTitle "EXT 2010"]
[Source "ChessBase"]
[SourceDate "2010.11.25"]
[SourceVersion "1"]
[SourceVersionDate "2010.11.25"]
[SourceQuality "1"]

1. d4 Nf6 2. c4 g6 3. Nc3 Bg7 4. Nf3 0-0 5. g3 d6 6. Bg2 Nc6 7. 0-0 e5 8. Bg5 h6 9. Bxf6 Bxf6 10. dxe5 dxe5 11. Qxd8 Bxd8 12. Rad1 Re8 13. e4 Na5 14. b3 f6 15. Rd2 c6 16. Rfd1 Be7 17. Rd3 Be6 18. Bf1 Kf7 19. Kg2 Rad8 20. Rxd8 Rxd8 21. Rxd8 Bxd8 22. Ne1 Be7 23. Nd3 b6 24. Kf3 Nb7 25. Ke3 Nc5 26. f3 Nxd3 27. Kxd3 h5 28. h3 f5 29. Ne2 Kf6 30. Bg2 Bc5 31. f4 fxe4+ 32. Bxe4 Bxh3 33. fxe5+ Kxe5 34. Bxg6 Bf5+ 35. Bxf5 Kxf5 36. Nf4 Kg4 37. Ke2 Bd6 38. Ne6 Bxg3 39. Nd4 c5 40. Nb5 Bb8 41. Kf2 h4 42. Nc3 h3 43. Ne2 Kf5 44. a3 Ke4 45. b4 Kd3 46. bxc5 bxc5 47. Nf4+ 0-1

[Event "Rowy Seniors-ch 15th"]
[Site "Rowy"]
[Date "2009.09.14"]
[Round "7"]
[White "Komysheva, Margarita"]
[Black "Szczepaniec, Stanislaw"]
[Result "1-0"]
[WhiteElo "2097"]
[BlackElo "2104"]
[PlyCount "82"]
[EventDate "2009.09.08"]
[EventType "swiss"]
[EventRounds "9"]
[EventCountry "POL"]
[SourceTitle "EXT 2010"]
[Source "ChessBase"]
[SourceDate "2010.11.25"]
[SourceVersion "1"]
[SourceVersionDate "2010.11.25"]
[SourceQuality "1"]

1. e4 c5 2. Nf3 Nc6 3. d4 cxd4 4. Nxd4 Nf6 5. Nc3 e5 6. Ndb5 d6 7. Bg5 a6 8. Na3 b5 9. Bxf6 gxf6 10. Nd5 f5 11. Bd3 Be6 12. Qh5 Bg7 13. 0-0 Rc8 14. c3 h6 15. Nc2 Qg5 16. Qxg5 hxg5 17. Nce3 fxe4 18. Bxe4 Rh4 19. Nf5 Rxe4 20. Nxg7+ Kf8 21. Nxe6+ fxe6 22. Nb6 Rd8 23. a4 b4 24. f3 Re2 25. Rf2 Rxf2 26. Kxf2 Ke7 27. a5 bxc3 28. bxc3 Rb8 29. c4 Nxa5 30. c5 dxc5 31. Rxa5 Rxb6 32. Rxc5 Kd6 33. Ra5 Ke7 34. Rxe5 Rb5 35. Re2 a5 36. Ra2 Kd6 37. g3 Kc5 38. h4 gxh4 39. gxh4 Kb4 40. Rb2+ Kc4 41. Rxb5 Kxb5 1-0

[Event "EU-ch Seniors (Women)"]
[Site "Rogaska Slatina"]
[Date "2009.07.25"]
[Round "4"]
[White "Komysheva, Margarita"]
[Black "Sorokina, Tamara"]
[Result "0-1"]
[WhiteElo "2114"]
[BlackElo "2143"]
[PlyCount "82"]
[EventDate "2009.07.22"]
[EventType "swiss"]
[EventRounds "9"]
[EventCountry "SLO"]
[SourceTitle "CBM 131 Extra"]
[Source "ChessBase"]
[SourceDate "2009.09.03"]
[SourceVersion "2"]
[SourceVersionDate "2009.09.16"]
[SourceQuality "1"]

1. e4 c5 2. Nf3 Nc6 3. d4 cxd4 4. Nxd4 Nf6 5. Nc3 Qc7 6. Be3 a6 7. g3 e6 8. Bg2 Be7 9. 0-0 0-0 10. h3 d6 11. Nce2 d5 12. exd5 Nxd5 13. Nxc6 bxc6 14. Bd2 Bb7 15. a3 c5 16. c4 Nf6 17. Bf4 Qb6 18. Qc2 Bxg2 19. Kxg2 Qc6+ 20. f3 Rfd8 21. Rfd1 Ne8 22. Be5 Bf6 23. Bxf6 Nxf6 24. Rxd8+ Rxd8 25. Rd1 Rb8 26. Rd2 h6 27. Nc3 g6 28. Qd1 Kg7 29. Na4 Qc7 30. Rd6 Nd5 31. Rxd5 exd5 32. cxd5 Qd6 33. Qd2 Rd8 34. Nc3 Qe5 35. f4 Qd4 36. Qe2 Rb8 37. Kf3 Kf8 38. Qxa6 Rxb2 39. Qd6+ Kg8 40. Qe5 Qxe5 41. fxe5 Rb3 0-1

[Event "Polanica Zdroj op Seniors 44th"]
[Site "Polanica Zdroj"]
[Date "2008.08.23"]
[Round "5.6"]
[White "Komysheva, Margarita"]
[Black "Szczepaniec, Stanislaw"]
[Result "1-0"]
[WhiteElo "2142"]
[BlackElo "2171"]
[PlyCount "69"]
[EventDate "2008.08.19"]
[EventType "swiss"]
[EventRounds "9"]
[EventCountry "POL"]
[SourceTitle "EXT 2023"]
[Source "ChessBase"]
[SourceDate "2022.10.05"]
[SourceVersion "1"]
[SourceVersionDate "2022.10.05"]
[SourceQuality "1"]

1. e4 c5 2. Nf3 Nc6 3. d4 cxd4 4. Nxd4 Nf6 5. Nc3 e5 6. Ndb5 d6 7. Bg5 a6 8. Na3 b5 9. Bxf6 gxf6 10. Nd5 f5 11. Bd3 Be6 12. c3 Bxd5 13. exd5 Ne7 14. Nxb5 Nxd5 15. Qa4 Ke7 16. Na3 Nf4 17. 0-0-0 e4 18. Rhe1 Ne6 19. Bc2 Rg8 20. Nc4 Kf6 21. Ne3 Bh6 22. g3 Bxe3+ 23. Rxe3 Qb6 24. Rd5 f4 25. Re1 Rab8 26. b3 Qxf2 27. Qxe4 Qxh2 28. Rf5+ Ke7 29. Qxf4 Rg7 30. Qe3 Re8 31. Qf3 Kf8 32. Rh1 Qxg3 33. Rxf7+ Kg8 34. Bxh7+ Kh8 35. Bg6+ 1-0

[Event "Polanica Zdroj op Seniors 44th"]
[Site "Polanica Zdroj"]
[Date "2008.08.20"]
[Round "2.7"]
[White "Jackowski, Ryszard"]
[Black "Komysheva, Margarita"]
[Result "0-1"]
[WhiteElo "1911"]
[BlackElo "2142"]
[PlyCount "89"]
[EventDate "2008.08.19"]
[EventType "swiss"]
[EventRounds "9"]
[EventCountry "POL"]
[SourceTitle "EXT 2023"]
[Source "ChessBase"]
[SourceDate "2022.10.05"]
[SourceVersion "1"]
[SourceVersionDate "2022.10.05"]
[SourceQuality "1"]

1. e4 c5 2. Nf3 Nc6 3. d4 cxd4 4. Nxd4 e5 5. Nb5 d6 6. c4 Be7 7. N1c3 a6 8. Na3 Nf6 9. Be2 0-0 10. 0-0 Nd4 11. Nc2 Nxc2 12. Qxc2 Be6 13. Be3 Qc7 14. Qd3 Rac8 15. Nd5 Bxd5 16. exd5 Nd7 17. b4 f5 18. Rac1 e4 19. Qb3 f4 20. Bd4 Bf6 21. Bxf6 Rxf6 22. Bg4 Rcf8 23. Bxd7 Qxd7 24. f3 e3 25. Rfe1 Qf7 26. c5 Qh5 27. c6 Rh6 28. h3 Qg5 29. Kf1 Qg3 30. Qb2 bxc6 31. dxc6 Qh2 32. Rc2 Qh1+ 33. Ke2 Qxg2+ 34. Kd1 Qxf3+ 35. Kc1 Qxh3 36. c7 Rc8 37. Qb3+ Qe6 38. Qd3 d5 39. Rd1 Rh5 40. Rc5 Rf5 41. Kb2 e2 42. Re1 f3 43. Ka3 Re5 44. Qd4 Re3+ 45. Ka4 0-1

[Event "Brandenburg-ch Seniors 17th"]
[Site "Rowy"]
[Date "2008.06.30"]
[Round "7"]
[White "Komysheva, Margarita"]
[Black "Groeling, Juergen"]
[Result "1/2-1/2"]
[WhiteElo "2028"]
[BlackElo "1825"]
[PlyCount "58"]
[EventDate "2008.06.23"]
[EventType "swiss"]
[EventRounds "9"]
[EventCountry "POL"]
[SourceTitle "EXT 2022"]
[Source "ChessBase"]
[SourceDate "2021.10.06"]
[SourceVersion "1"]
[SourceVersionDate "2021.10.06"]
[SourceQuality "1"]

1. e4 b6 2. d4 e6 3. Be3 Bb7 4. Nd2 c5 5. c3 Nf6 6. Bd3 Be7 7. f3 d5 8. e5 Nfd7 9. Ne2 Nc6 10. f4 g6 11. 0-0 c4 12. Bc2 b5 13. a3 a5 14. Ng3 b4 15. Qf3 f5 16. exf6 Nxf6 17. f5 exf5 18. Nxf5 gxf5 19. Bxf5 Bc8 20. Bh6 Bxf5 21. Qxf5 Rg8 22. Qe6 Qd7 23. Rxf6 Qxe6 24. Rxe6 Kd7 25. Re2 bxc3 26. bxc3 Rab8 27. a4 Rb2 28. Kf1 Rg6 29. Be3 Rc2 1/2-1/2

[Event "Brandenburg-ch Seniors 17th"]
[Site "Rowy"]
[Date "2008.06.28"]
[Round "5"]
[White "Komysheva, Margarita"]
[Black "Fiedler, Wolfgang2222"]
[Result "1-0"]
[WhiteElo "2028"]
[BlackElo "1828"]
[PlyCount "62"]
[EventDate "2008.06.23"]
[EventType "swiss"]
[EventRounds "9"]
[EventCountry "POL"]
[SourceTitle "EXT 2022"]
[Source "ChessBase"]
[SourceDate "2021.10.06"]
[SourceVersion "1"]
[SourceVersionDate "2021.10.06"]
[SourceQuality "1"]

1. e4 d5 2. exd5 Nf6 3. Bb5+ Nbd7 4. Nc3 a6 5. Ba4 g6 6. Nf3 Bg7 7. d4 0-0 8. 0-0 Nb6 9. Bb3 Nfxd5 10. Nxd5 Nxd5 11. c4 Nf6 12. h3 b5 13. Bf4 Bb7 14. Re1 bxc4 15. Bxc4 Bd5 16. Rc1 c6 17. Qe2 Ra7 18. Ne5 Nd7 19. Bxd5 Nxe5 20. Bb3 Nd7 21. Qxe7 Qxe7 22. Rxe7 Bf6 23. Re4 g5 24. Bd6 Rd8 25. Rxc6 Kg7 26. Be7 Re8 27. Bxf6+ Nxf6 28. Rxe8 Nxe8 29. Bc4 Rd7 30. d5 Nc7 31. Rc5 Rd6 1-0

[Event "Calvia Veterans op 4th"]
[Site "Calvia"]
[Date "2007.10.20"]
[Round "6"]
[White "Komysheva, Margarita"]
[Black "Garcia Moreno, Jose Antonio"]
[Result "1/2-1/2"]
[WhiteElo "2174"]
[BlackElo "1975"]
[PlyCount "101"]
[EventDate "2007.10.15"]
[EventType "swiss"]
[EventRounds "9"]
[EventCountry "ESP"]
[SourceTitle "CBM 120 Extra"]
[Source "ChessBase"]
[SourceDate "2007.11.01"]
[SourceVersion "1"]
[SourceVersionDate "2007.11.01"]
[SourceQuality "1"]

1. e4 c6 2. d4 d5 3. Nd2 dxe4 4. Nxe4 Nd7 5. Nf3 Ngf6 6. Nxf6+ Nxf6 7. Bc4 e6 8. Qe2 Bd6 9. 0-0 0-0 10. Bg5 b6 11. Ne5 Qc7 12. Bxf6 gxf6 13. Ng4 Kh8 14. g3 f5 15. Nf6 Be7 16. Nh5 b5 17. Bd3 Rg8 18. Qe5+ Qxe5 19. dxe5 Bb7 20. Be2 Rgd8 21. Rfd1 b4 22. Bf3 Bc5 23. c3 bxc3 24. bxc3 Bb6 25. Nf4 Rxd1+ 26. Rxd1 Rd8 27. Rxd8+ Bxd8 28. Nd3 Bc7 29. a4 Kg8 30. Bg2 Ba6 31. Nb4 Bc4 32. Nxc6 a5 33. Bf1 Bd5 34. Ne7+ Kf8 35. Nxd5 exd5 36. f4 Ke7 37. Kf2 f6 38. exf6+ Kxf6 39. h3 h6 40. Ke3 Bb6+ 41. Kf3 Bc7 42. Bb5 Bb6 43. Bd3 Bc5 44. g4 fxg4+ 45. hxg4 Bd6 46. Bb5 Bc5 47. Bc6 Ke6 48. Bb7 Ba3 49. f5+ Ke5 50. f6 Kxf6 51. Bxd5 1/2-1/2

[Event "Calvia Amateur op 4th"]
[Site "Calvia"]
[Date "2007.10.06"]
[Round "1"]
[White "Komysheva, Margarita"]
[Black "Rautanen, Sari"]
[Result "1-0"]
[WhiteElo "2174"]
[BlackElo "1961"]
[PlyCount "53"]
[EventDate "2007.10.06"]
[EventType "swiss"]
[EventRounds "9"]
[EventCountry "ESP"]
[SourceTitle "CBM 120 Extra"]
[Source "ChessBase"]
[SourceDate "2007.11.01"]
[SourceVersion "1"]
[SourceVersionDate "2007.11.01"]
[SourceQuality "1"]

1. e4 d6 2. d4 Nf6 3. Nc3 g6 4. f4 Bg7 5. Nf3 c5 6. dxc5 Qa5 7. Bd3 Qxc5 8. Qe2 Bg4 9. Be3 Qa5 10. 0-0 Nc6 11. Qd2 Bxf3 12. Rxf3 0-0 13. h3 Nd7 14. Rf2 Rac8 15. a3 a6 16. Raf1 Bxc3 17. bxc3 Qxa3 18. f5 Nce5 19. Bh6 Rfe8 20. fxg6 hxg6 21. c4 Nc5 22. Qg5 Ncxd3 23. Rxf7 Qc5+ 24. Kh1 Nb4 25. Rxe7 Nbc6 26. Rg7+ Kh8 27. Qf6 1-0